| 000 -LEADER |
| fixed length control field |
00409nam a22001217a 4500 |
| 040 ## - CATALOGING SOURCE |
| Transcribing agency |
RUA |
| 082 ## - DEWEY DECIMAL CLASSIFICATION NUMBER |
| Classification number |
AUA ROR 2023 A126 Or. |
| 100 ## - MAIN ENTRY--AUTHOR NAME |
| Personal name |
RORTANA CHEA, |
| 245 ## - TITLE STATEMENT |
| Title |
Foodborne Bacteria In The Cambodian Meat Value Chain.Emphasis On The risk of Salmonella In Chicken And Pork From Traditional Markets to Household Consumption. |
| 260 ## - PUBLICATION, DISTRIBUTION, ETC. (IMPRINT) |
| Place of publication |
PHNOM PENH |
| Name of publisher |
RUA |
| Year of publication |
2023 |
| 300 ## - PHYSICAL DESCRIPTION |
| Number of Pages |
59p. |
| Other physical details |
ill. |
| Dimensions |
25cm, |
| 942 ## - ADDED ENTRY ELEMENTS (KOHA) |
| Koha item type |
សៀវភៅភាសាអង់គ្លេស |
| 952 ## - LOCATION AND ITEM INFORMATION (KOHA) |
| Withdrawn status [LOCAL, KOHA] |
0 |
| 952 ## - LOCATION AND ITEM INFORMATION (KOHA) |
| Withdrawn status [LOCAL, KOHA] |
0 |
| 952 ## - LOCATION AND ITEM INFORMATION (KOHA) |
| Withdrawn status [LOCAL, KOHA] |
0 |